000 00568nam a2200157 a 4500
008 120416s0000 ||||||||||||||||| || u
020 _a0333538188
050 _aSF 105 Pag
100 _aWilding, John
245 1 0 _aAnimal production in the tropics and subtropics
_ctranslated by John Wilding
260 _aLondon
_bMacmillan
_c1992
300 _aviii, 517p. : ill.
350 _a0.00
700 _aPagot, Jean
995 _D0.00
_FCBU-MAIN LIBRARY (Kitwe)
_H1
_I0.00
_M1
_UAVAILABLE
_ZAnnex Low-Usage Collection
999 _c34417
_d34417